[Event "1. Bundesliga 2013/2014"]
[Site "Jenbach, Wolfsberg, St. Veit/Glan"]
[Date "2014.03.20"]
[Round "8"]
[Board "6"]
[White "Bischoff, Klaus"]
[Black "Froewis, Georg"]
[Result "1-0"]
[WhiteElo "2510"]
[BlackElo "2430"]
[PlyCount "85"]
[EventDate "2013.12.06"]
[EventType "team"]
[EventRounds "11"]
[EventCountry "AUT"]
[WhiteTeam "Schachklub Sparkasse Jenbach"]
[BlackTeam "SK Hohenems"]

1. Nf3 Nf6 2. c4 e6 3. Nc3 d5 4. d4 c6 5. e3 Nbd7 6. Qc2 Bd6 7. b3 O-O 8. Be2
b6 9. O-O Bb7 10. Bb2 Qe7 11. cxd5 exd5 12. Rfe1 Rfe8 13. g3 Rac8 14. Rac1 c5
15. Qb1 a6 16. Bf1 c4 17. a4 cxb3 18. Nd2 h5 19. Nxb3 h4 20. Bh3 hxg3 21. hxg3
g6 22. Nd2 Kg7 23. Bg2 Rc7 24. e4 dxe4 25. Ndxe4 Bxe4 26. Nxe4 Rxc1 27. Qxc1
Nd5 28. Re2 Qf8 29. Qc4 N7f6 30. Nxf6 Nxf6 31. Qxa6 Rxe2 32. Qxe2 Ba3 33. Ba1
Qb4 34. Qd1 Qd6 35. Qb3 Kf8 36. Bc3 Kg8 37. Bf3 Kf8 38. Kg2 Kg8 39. Qc4 Kf8 40.
Bd2 Kg7 41. Bf4 Qe7 42. Qc7 Qe6 43. Be5 1-0

[Event "1. Bundesliga 2013/2014"]
[Site "Jenbach, Wolfsberg, St. Veit/Glan"]
[Date "2014.03.20"]
[Round "8"]
[Board "1"]
[White "Kuljasevic, Davorin"]
[Black "Shengelia, David"]
[Result "1-0"]
[WhiteElo "2567"]
[BlackElo "2547"]
[PlyCount "113"]
[EventDate "2013.12.06"]
[EventType "team"]
[EventRounds "11"]
[EventCountry "AUT"]
[WhiteTeam "SV Jacques Lemans St. Veit"]
[BlackTeam "SK Advisory Invest Baden"]

1. d4 Nf6 2. c4 e6 3. Nc3 Bb4 4. Qc2 O-O 5. Nf3 d6 6. Bd2 b6 7. e4 Bb7 8. Bd3
d5 9. cxd5 exd5 10. e5 Bxc3 11. Bxc3 Ne4 12. Nd2 f5 13. exf6 Nxf6 14. O-O Qd6
15. Nf3 Nbd7 16. Ne5 c5 17. Bf5 g6 18. Bh3 Rfe8 19. Nxd7 Nxd7 20. Rfe1 c4 21.
Qd2 Nf6 22. f3 Bc8 23. g4 a5 24. Re5 Be6 25. Rae1 Nd7 26. R5e2 Bf7 27. Qg5 Rxe2
28. Rxe2 Re8 29. Rxe8+ Bxe8 30. Bg2 Qe6 31. Kf2 Bf7 32. Qd8+ Kg7 33. Bd2 h6 34.
Bxh6+ Kh7 35. Bf4 Qf6 36. Qxf6 Nxf6 37. Bc7 Nd7 38. Ke3 Kg7 39. h4 Be6 40. Bf1
a4 41. Kd2 b5 42. Kc3 Nf8 43. Bd6 Bd7 44. Bxf8+ Kxf8 45. Kb4 Ke7 46. Kc5 a3 47.
bxa3 Ke6 48. Be2 Be8 49. Bd1 g5 50. hxg5 Bg6 51. f4 Bb1 52. f5+ Ke7 53. Kxb5 c3
54. a4 Bd3+ 55. Kc6 Be2 56. Bc2 Bxg4 57. Kxd5 1-0

[Event "1. Bundesliga 2013/2014"]
[Site "Jenbach, Wolfsberg, St. Veit/Glan"]
[Date "2014.03.20"]
[Round "8"]
[Board "2"]
[White "Poetsch, Hagen"]
[Black "Bosiocic, Marin"]
[Result "1-0"]
[WhiteElo "2479"]
[BlackElo "2554"]
[PlyCount "57"]
[EventDate "2013.12.06"]
[EventType "team"]
[EventRounds "11"]
[EventCountry "AUT"]
[WhiteTeam "SK Advisory Invest Baden"]
[BlackTeam "SV Jacques Lemans St. Veit"]

1. e4 e5 2. Nf3 Nc6 3. Bc4 Bc5 4. b4 Bxb4 5. c3 Ba5 6. d4 exd4 7. Qb3 Qe7 8.
O-O Bb6 9. cxd4 Nxd4 10. Nxd4 Bxd4 11. Nc3 Nf6 12. Ba3 d6 13. Rad1 Bxc3 14.
Qxc3 O-O 15. Rfe1 Ng4 16. Qg3 Ne5 17. Bd5 Bg4 18. Rd2 h5 19. f4 h4 20. Qc3 Ng6
21. Bb2 Qf6 22. Qxc7 Qxf4 23. Rf2 Qh6 24. Bxf7+ Kh7 25. Bc1 Qh5 26. h3 Rac8 27.
hxg4 Qe5 28. Qxb7 h3 29. Rf5 1-0

[Event "1. Bundesliga 2013/2014"]
[Site "Jenbach, Wolfsberg, St. Veit/Glan"]
[Date "2014.03.20"]
[Round "8"]
[Board "3"]
[White "Rogic, Davor"]
[Black "Tuncer, Ufuk"]
[Result "1-0"]
[WhiteElo "2560"]
[BlackElo "2345"]
[PlyCount "95"]
[EventDate "2013.12.06"]
[EventType "team"]
[EventRounds "11"]
[EventCountry "AUT"]
[WhiteTeam "SV Jacques Lemans St. Veit"]
[BlackTeam "SK Advisory Invest Baden"]

1. e4 c5 2. Nf3 d6 3. d4 cxd4 4. Nxd4 Nf6 5. Nc3 g6 6. Be3 Bg7 7. Be2 Nc6 8.
Qd2 Ng4 9. Bxg4 Bxg4 10. Nd5 O-O 11. c4 Rc8 12. Rc1 Bd7 13. O-O Ne5 14. b3 Ng4
15. Bg5 f6 16. Bf4 e6 17. h3 exd5 18. hxg4 dxc4 19. bxc4 Bxg4 20. f3 Bd7 21.
Bxd6 Re8 22. c5 f5 23. exf5 Qf6 24. Rfd1 Ba4 25. Nb3 Qxf5 26. Rc4 Bc6 27. Nd4
Bxd4+ 28. Rxd4 Qe6 29. Kh2 Qe3 30. Qb4 a5 31. Qc4+ Qe6 32. Qc2 Qe2 33. R1d2 Qe6
34. Rf4 Rcd8 35. Qc3 Rd7 36. Rf6 Qe1 37. Qc4+ Kg7 38. Qd4 Kg8 39. Qf4 Kg7 40.
Bf8+ Kg8 41. Bh6 Rg7 42. Rdd6 Qb4 43. Qg5 Qc3 44. Bxg7 Kxg7 45. Rfe6 Rxe6 46.
Rxe6 Qb2 47. Re7+ Kg8 48. Qf4 1-0

[Event "1. Bundesliga 2013/2014"]
[Site "Jenbach, Wolfsberg, St. Veit/Glan"]
[Date "2014.03.20"]
[Round "8"]
[Board "4"]
[White "Dzierzenga, Stefan"]
[Black "Hebesberger, Thomas"]
[Result "0-1"]
[WhiteElo "2197"]
[BlackElo "2356"]
[PlyCount "102"]
[EventDate "2013.12.06"]
[EventType "team"]
[EventRounds "11"]
[EventCountry "AUT"]
[WhiteTeam "SK Advisory Invest Baden"]
[BlackTeam "SV Jacques Lemans St. Veit"]

1. e4 c5 2. Nf3 e6 3. b3 Nc6 4. Bb2 d6 5. Bb5 Bd7 6. O-O Nf6 7. Re1 Be7 8. c3
O-O 9. d4 Nxd4 10. Bd3 Nxf3+ 11. Qxf3 Bc6 12. c4 Nd7 13. Qe2 Bf6 14. Nc3 Bd4
15. Nd1 Qf6 16. Rb1 Ne5 17. Bxd4 cxd4 18. Nb2 Rfe8 19. b4 b6 20. Rbc1 a5 21. a3
axb4 22. axb4 Ra2 23. Rc2 h6 24. Rd2 Rea8 25. Bb1 Ra1 26. Rdd1 R8a3 27. Rf1 Ng6
28. Nd3 e5 29. g3 Qe6 30. Rc1 Rc3 31. Rxc3 dxc3 32. b5 Bb7 33. Nb4 Ra4 34. Nd5
Bxd5 35. exd5 Qc8 36. Bd3 Nf8 37. Rc1 Ra3 38. Qe1 Qc5 39. Bf1 Qb4 40. Bd3 Nd7
41. Qe4 g6 42. Qh4 c2 43. Bxc2 Qd2 44. Rf1 Qxc2 45. Qd8+ Nf8 46. Qxd6 Rb3 47.
Qxb6 Qxc4 48. Qd6 Rxb5 49. Qxe5 Qxd5 50. Qe3 Kg7 51. Re1 Ne6 0-1

[Event "1. Bundesliga 2013/2014"]
[Site "Jenbach, Wolfsberg, St. Veit/Glan"]
[Date "2014.03.20"]
[Round "8"]
[Board "5"]
[White "Genser, Harald"]
[Black "Herndlbauer, Martin"]
[Result "1-0"]
[WhiteElo "2294"]
[BlackElo "2119"]
[PlyCount "113"]
[EventDate "2013.12.06"]
[EventType "team"]
[EventRounds "11"]
[EventCountry "AUT"]
[WhiteTeam "SV Jacques Lemans St. Veit"]
[BlackTeam "SK Advisory Invest Baden"]

1. d4 d5 2. c4 c6 3. Nc3 dxc4 4. e3 b5 5. a4 b4 6. Ne4 Qd5 7. Ng3 Nf6 8. Be2 e6
9. e4 Qa5 10. Bxc4 Bb7 11. Nf3 Nbd7 12. O-O Be7 13. Re1 O-O 14. e5 Nd5 15. Ng5
g6 16. Qg4 b3 17. Rd1 Qb4 18. Qe2 N5b6 19. Bd3 Bxg5 20. Bxg5 Qxd4 21. Be7 Qxe5
22. Bxf8 Qxe2 23. Bxe2 Kxf8 24. a5 Nd5 25. Bc4 Rb8 26. Ne4 Ke7 27. Ra3 f5 28.
Nd2 Bc8 29. Rxb3 Rxb3 30. Nxb3 Kd6 31. Rc1 Ne5 32. Bf1 Nd7 33. Bc4 Ne5 34. Bxd5
exd5 35. Nc5 Nc4 36. b4 f4 37. Re1 Nxa5 38. Re8 Bf5 39. Ra8 Nc4 40. Rxa7 h5 41.
Nb7+ Kc7 42. Na5+ Kd6 43. Ra6 Nxa5 44. Rxa5 d4 45. Kf1 Bd3+ 46. Ke1 Bb5 47. Ra1
Kd5 48. Rc1 Ke4 49. Kd2 f3 50. g3 Kf5 51. h3 Ke6 52. Rc5 Kf6 53. h4 Ke6 54. Rg5
Kf6 55. g4 hxg4 56. Rxg4 Ke5 57. Rxg6 1-0

[Event "1. Bundesliga 2013/2014"]
[Site "Jenbach, Wolfsberg, St. Veit/Glan"]
[Date "2014.03.20"]
[Round "8"]
[Board "6"]
[White "Juenger, Heinz"]
[Black "Koop, Thorben"]
[Result "1/2-1/2"]
[WhiteElo "2114"]
[BlackElo "2219"]
[PlyCount "61"]
[EventDate "2013.12.06"]
[EventType "team"]
[EventRounds "11"]
[EventCountry "AUT"]
[WhiteTeam "SK Advisory Invest Baden"]
[BlackTeam "SV Jacques Lemans St. Veit"]

1. d4 Nf6 2. c4 g6 3. g3 Bg7 4. Bg2 O-O 5. Nf3 d6 6. Nc3 a6 7. O-O Nc6 8. Qd3
Bd7 9. d5 Nb4 10. Qd1 a5 11. Re1 Qc8 12. e4 Bg4 13. a3 Na6 14. Qc2 Nd7 15. Rb1
Nb6 16. b3 a4 17. b4 c6 18. Nxa4 Nxa4 19. Qxa4 cxd5 20. cxd5 Nc7 21. Qb3 Nb5
22. a4 Nc3 23. Rb2 Nxa4 24. Rc2 Qd8 25. Be3 Nb6 26. Rec1 Rc8 27. Rxc8 Bxc8 28.
Qc2 Na8 29. Qa4 Bd7 30. Qa7 Qb8 31. Qa5 1/2-1/2

[Event "1. Bundesliga 2013/2014"]
[Site "Jenbach, Wolfsberg, St. Veit/Glan"]
[Date "2014.03.20"]
[Round "8"]
[Board "1"]
[White "Kozul, Zdenko"]
[Black "Ragger, Markus"]
[Result "1/2-1/2"]
[WhiteElo "2586"]
[BlackElo "2644"]
[PlyCount "80"]
[EventDate "2013.12.06"]
[EventType "team"]
[EventRounds "11"]
[EventCountry "AUT"]
[WhiteTeam "SV Wolfsberg"]
[BlackTeam "Schachclub MPOE Maria Saal I"]

1. d4 d5 2. c4 c6 3. Nc3 Nf6 4. e3 e6 5. Nf3 Nbd7 6. Qc2 Bd6 7. e4 dxe4 8. Nxe4
Nxe4 9. Qxe4 c5 10. Bg5 Be7 11. Bxe7 Qa5+ 12. Nd2 Kxe7 13. dxc5 Rd8 14. Rd1
Qxa2 15. Qd4 Qa5 16. Qxg7 Nf6 17. Qg3 Qxc5 18. Be2 Bd7 19. O-O Bc6 20. Nb3 Qb6
21. c5 Qb4 22. Qc7+ Ke8 23. Na5 Bd5 24. c6 bxc6 25. Nxc6 Bxc6 26. Qxc6+ Kf8 27.
Qc1 Rac8 28. Rxd8+ Rxd8 29. Bc4 Qd2 30. Qa1 Qd4 31. Qa5 Ne4 32. b3 Rc8 33. Qh5
Nf6 34. Qh6+ Ke7 35. Qc1 Qc5 36. Qf4 Qc7 37. Qe3 Qc5 38. Qf4 Qc7 39. Qe3 Qc5
40. Qf4 Qc7 1/2-1/2

[Event "1. Bundesliga 2013/2014"]
[Site "Jenbach, Wolfsberg, St. Veit/Glan"]
[Date "2014.03.20"]
[Round "8"]
[Board "2"]
[White "Rapport, Richard"]
[Black "Stevic, Hrvoje"]
[Result "1-0"]
[WhiteElo "2681"]
[BlackElo "2620"]
[PlyCount "129"]
[EventDate "2013.12.06"]
[EventType "team"]
[EventRounds "11"]
[EventCountry "AUT"]
[WhiteTeam "Schachclub MPOE Maria Saal I"]
[BlackTeam "SV Wolfsberg"]

1. b3 e5 2. Bb2 Nc6 3. e3 Nf6 4. Bb5 Bd6 5. Na3 a6 6. Bxc6 dxc6 7. Nc4 Qe7 8.
a4 O-O 9. a5 Nd7 10. Ne2 b5 11. axb6 cxb6 12. Nxd6 Qxd6 13. d4 exd4 14. Qxd4
Qxd4 15. Nxd4 Ne5 16. f3 Re8 17. Kf2 Ra7 18. Rhd1 Rae7 19. e4 c5 20. Nf5 Bxf5
21. exf5 Nc6 22. Rd2 a5 23. f6 gxf6 24. Bxf6 Re6 25. Bb2 f6 26. Ra4 Nb4 27. c3
Nd3+ 28. Rxd3 Re2+ 29. Kg3 Rxb2 30. Rd6 Rxb3 31. Rxf6 Rb8 32. Re4 Kg7 33. Rf5
Kg6 34. Kf4 Rb7 35. h4 Rxc3 36. h5+ Kg7 37. Re6 Rf7 38. h6+ Kf8 39. Rxb6 Rc4+
40. Kg5 Rxf5+ 41. Kxf5 Rb4 42. Ra6 Rb8 43. Rxa5 Rc8 44. Ra3 c4 45. Rc3 Kf7 46.
g4 Rc5+ 47. Ke4 Kg6 48. Kd4 Ra5 49. Rxc4 Kxh6 50. f4 Kg6 51. Rc6+ Kf7 52. Rc5
Ra4+ 53. Ke5 h6 54. Rc7+ Kf8 55. Rd7 Rb4 56. Rd4 Rb5+ 57. Ke6 Rb6+ 58. Rd6 Rb4
59. f5 Re4+ 60. Kf6 Kg8 61. Rd8+ Kh7 62. Rd7+ Kg8 63. g5 hxg5 64. Kg6 Kf8 65.
f6 1-0

[Event "1. Bundesliga 2013/2014"]
[Site "Jenbach, Wolfsberg, St. Veit/Glan"]
[Date "2014.03.20"]
[Round "8"]
[Board "3"]
[White "Jovanovic, Zoran"]
[Black "Predojevic, Borki"]
[Result "1/2-1/2"]
[WhiteElo "2548"]
[BlackElo "2607"]
[PlyCount "51"]
[EventDate "2013.12.06"]
[EventType "team"]
[EventRounds "11"]
[EventCountry "AUT"]
[WhiteTeam "SV Wolfsberg"]
[BlackTeam "Schachclub MPOE Maria Saal I"]

1. e4 c6 2. d4 d5 3. Nd2 dxe4 4. Nxe4 Bf5 5. Ng3 Bg6 6. h4 h6 7. h5 Bh7 8. Nf3
Nd7 9. Bd3 Bxd3 10. Qxd3 e6 11. Bd2 Ngf6 12. O-O-O Be7 13. Qe2 O-O 14. Nf1 c5
15. g4 cxd4 16. g5 Nd5 17. gxh6 Qb6 18. Rg1 Ba3 19. Rxg7+ Kh8 20. bxa3 Nc3 21.
Bxc3 dxc3 22. Rh7+ Kg8 23. Rg7+ Kh8 24. Rh7+ Kg8 25. Rg7+ Kh8 26. Rh7+ 1/2-1/2

[Event "1. Bundesliga 2013/2014"]
[Site "Jenbach, Wolfsberg, St. Veit/Glan"]
[Date "2014.03.20"]
[Round "8"]
[Board "5"]
[White "Hresc, Vladimir"]
[Black "Tratar, Marko"]
[Result "1-0"]
[WhiteElo "2409"]
[BlackElo "2492"]
[PlyCount "105"]
[EventDate "2013.12.06"]
[EventType "team"]
[EventRounds "11"]
[EventCountry "AUT"]
[WhiteTeam "SV Wolfsberg"]
[BlackTeam "Schachclub MPOE Maria Saal I"]

1. e4 e6 2. d4 d5 3. exd5 exd5 4. Nc3 c6 5. Bd3 Bd6 6. Nf3 Bg4 7. h3 Bh5 8. g4
Bg6 9. Be3 Nd7 10. Qe2 Ne7 11. O-O-O Qc7 12. Nh4 Bxd3 13. Qxd3 g6 14. Rde1
O-O-O 15. Bh6 Bf4+ 16. Bxf4 Qxf4+ 17. Qe3 Qxe3+ 18. Rxe3 Rde8 19. Rhe1 Kd8 20.
Nf3 h6 21. Ne2 Nc8 22. Ng3 Rxe3 23. Rxe3 Re8 24. Kd2 Nd6 25. Kd3 Rxe3+ 26. fxe3
Ke7 27. e4 dxe4+ 28. Nxe4 Nxe4 29. Kxe4 Nf6+ 30. Kd3 Nd5 31. h4 Ke6 32. a3 f5
33. g5 hxg5 34. hxg5 Nf4+ 35. Ke3 Nd5+ 36. Kd2 b5 37. b3 Ne7 38. Kd3 Kd6 39. c4
Ke6 40. a4 bxc4+ 41. bxc4 Kd6 42. Ke3 Ke6 43. Kf4 a5 44. Ne5 Kd6 45. Nf7+ Kd7
46. Ke5 Ng8 47. Nd6 Ne7 48. Nb7 Nc8 49. c5 Ne7 50. Nxa5 Nd5 51. Nc4 Ke7 52. a5
Nb4 53. Kf4 1-0

[Event "1. Bundesliga 2013/2014"]
[Site "Jenbach, Wolfsberg, St. Veit/Glan"]
[Date "2014.03.20"]
[Round "8"]
[Board "6"]
[White "Schachinger, Mario"]
[Black "Reichmann, Egon"]
[Result "1-0"]
[WhiteElo "2398"]
[BlackElo "2254"]
[PlyCount "81"]
[EventDate "2013.12.06"]
[EventType "team"]
[EventRounds "11"]
[EventCountry "AUT"]
[WhiteTeam "Schachclub MPOE Maria Saal I"]
[BlackTeam "SV Wolfsberg"]

1. d4 d5 2. c4 c6 3. Nf3 e6 4. e3 f5 5. b3 Nf6 6. Bd3 Bd6 7. O-O Qe7 8. Bb2 O-O
9. Qc1 Bd7 10. Ba3 Bxa3 11. Qxa3 Qxa3 12. Nxa3 Rc8 13. Rac1 a5 14. Ne5 Na6 15.
cxd5 cxd5 16. Bxa6 bxa6 17. Rc5 Rxc5 18. dxc5 Rc8 19. Rc1 Bc6 20. Nc2 Nd7 21.
Nxd7 Bxd7 22. Nd4 Kf7 23. f4 Ke7 24. Kf2 Be8 25. Ke2 Rb8 26. Kd2 a4 27. Kc3 a5
28. Rc2 Rc8 29. Kb2 Rb8 30. Ka3 axb3 31. axb3 h6 32. c6 Kd6 33. Ka4 e5 34. Nb5+
Ke6 35. Kxa5 d4 36. exd4 exf4 37. Nc7+ Kd6 38. Nxe8+ Rxe8 39. c7 Rc8 40. Kb6
Kd7 41. Rc5 1-0

[Event "1. Bundesliga 2013/2014"]
[Site "Jenbach, Wolfsberg, St. Veit/Glan"]
[Date "2014.03.21"]
[Round "9"]
[Board "1"]
[White "Ragger, Markus"]
[Black "Baumegger, Siegfried"]
[Result "1/2-1/2"]
[WhiteElo "2644"]
[BlackElo "2476"]
[PlyCount "91"]
[EventDate "2013.12.06"]
[EventType "team"]
[EventRounds "11"]
[EventCountry "AUT"]
[WhiteTeam "Schachclub MPOE Maria Saal I"]
[BlackTeam "tschaturanga"]

1. d4 Nf6 2. c4 e6 3. Nf3 b6 4. g3 Bb7 5. Bg2 Bb4+ 6. Bd2 a5 7. O-O O-O 8. Bf4
Be7 9. Re1 d6 10. Nc3 Ne4 11. Qc2 Nxc3 12. bxc3 Nd7 13. Ng5 Bxg5 14. Bxb7 Ra7
15. Bxg5 Qxg5 16. Bc6 Nb8 17. Bg2 c6 18. Rab1 Rb7 19. Qa4 Rc8 20. Rb2 Qd8 21.
Rd1 Qc7 22. c5 b5 23. Qa3 d5 24. e4 dxe4 25. Bxe4 Nd7 26. Bg2 Nf6 27. Rb3 Rd8
28. Rdb1 Rbb8 29. Qc1 Nd5 30. c4 bxc4 31. Qxc4 g6 32. h3 Qa7 33. Qa4 Nc3 34.
Rxb8 Rxb8 35. Rxb8+ Qxb8 36. Qxa5 Ne2+ 37. Kf1 Nxd4 38. Qb6 Qa8 39. Qb2 Qa4 40.
Qb8+ Kg7 41. Qe5+ f6 42. Qc7+ Kh6 43. Qf4+ Kg7 44. Qc7+ Kh6 45. Qf4+ Kg7 46.
Qc7+ 1/2-1/2

[Event "1. Bundesliga 2013/2014"]
[Site "Jenbach, Wolfsberg, St. Veit/Glan"]
[Date "2014.03.21"]
[Round "9"]
[Board "2"]
[White "Srienz, Christian"]
[Black "Rapport, Richard"]
[Result "0-1"]
[WhiteElo "2280"]
[BlackElo "2681"]
[PlyCount "60"]
[EventDate "2013.12.06"]
[EventType "team"]
[EventRounds "11"]
[EventCountry "AUT"]
[WhiteTeam "tschaturanga"]
[BlackTeam "Schachclub MPOE Maria Saal I"]

1. Nf3 d6 2. d4 Nf6 3. Nc3 Bf5 4. Bg5 Nbd7 5. e3 h6 6. Bh4 c6 7. Bd3 Be6 8. Nd2
g6 9. O-O Bg7 10. e4 Qb6 11. Ne2 g5 12. Bg3 d5 13. c4 dxe4 14. c5 Qd8 15. Bc2
h5 16. Nc3 h4 17. Be5 e3 18. Nf3 Bh6 19. d5 cxd5 20. Bd4 h3 21. g3 Bg4 22. Nxd5
e5 23. Bc3 e2 24. Qxe2 Nxd5 25. Rad1 Nxc3 26. bxc3 Qe7 27. Qe4 Nf6 28. Qe3 e4
29. Nd4 Bxd1 30. Rxd1 g4 0-1

[Event "1. Bundesliga 2013/2014"]
[Site "Jenbach, Wolfsberg, St. Veit/Glan"]
[Date "2014.03.21"]
[Round "9"]
[Board "3"]
[White "Predojevic, Borki"]
[Black "Sadilek, Peter"]
[Result "1-0"]
[WhiteElo "2607"]
[BlackElo "2240"]
[PlyCount "53"]
[EventDate "2013.12.06"]
[EventType "team"]
[EventRounds "11"]
[EventCountry "AUT"]
[WhiteTeam "Schachclub MPOE Maria Saal I"]
[BlackTeam "tschaturanga"]

1. c4 Nf6 2. g3 e6 3. Bg2 d5 4. Nf3 Be7 5. d4 O-O 6. Qc2 c6 7. O-O Nbd7 8. b3
b6 9. Bb2 Ba6 10. Nbd2 c5 11. e4 dxc4 12. Nxc4 cxd4 13. e5 Nd5 14. Nxd4 Rc8 15.
Qe2 Rc5 16. Rfd1 b5 17. Bxd5 bxc4 18. Bxc4 Bxc4 19. bxc4 Qc8 20. Nb5 a6 21. Nd6
Qc6 22. Rac1 Rb8 23. Bd4 Ra5 24. c5 Ra4 25. Qe4 Qxe4 26. Nxe4 Rbb4 27. Nc3 1-0

[Event "1. Bundesliga 2013/2014"]
[Site "Jenbach, Wolfsberg, St. Veit/Glan"]
[Date "2014.03.21"]
[Round "9"]
[Board "4"]
[White "Wukits, Rene"]
[Black "Buhmann, Rainer"]
[Result "0-1"]
[WhiteElo "2267"]
[BlackElo "2580"]
[PlyCount "66"]
[EventDate "2013.12.06"]
[EventType "team"]
[EventRounds "11"]
[EventCountry "AUT"]
[WhiteTeam "tschaturanga"]
[BlackTeam "Schachclub MPOE Maria Saal I"]

1. d4 d5 2. c4 c6 3. Nf3 Nf6 4. Nc3 e6 5. Bg5 Nbd7 6. e3 Qa5 7. cxd5 Nxd5 8.
Qd2 N7b6 9. a3 Nxc3 10. Qxc3 Qxc3+ 11. bxc3 f6 12. Bh4 Bd7 13. Be2 c5 14. Nd2
Rc8 15. Bh5+ Ke7 16. O-O cxd4 17. cxd4 Nc4 18. Nxc4 Rxc4 19. Be2 Rc2 20. Bf3
Bc6 21. e4 Kf7 22. d5 Bd7 23. Rfc1 Rxc1+ 24. Rxc1 Bd6 25. e5 Bxe5 26. dxe6+
Bxe6 27. Bxb7 Rb8 28. Ba6 Rb3 29. Bg3 Rxa3 30. Bxe5 fxe5 31. Rc7+ Kf6 32. Rc6
Ra1+ 33. Bf1 e4 0-1

[Event "1. Bundesliga 2013/2014"]
[Site "Jenbach, Wolfsberg, St. Veit/Glan"]
[Date "2014.03.21"]
[Round "9"]
[Board "5"]
[White "Schachinger, Mario"]
[Black "Leitner, Gerald"]
[Result "1-0"]
[WhiteElo "2398"]
[BlackElo "2199"]
[PlyCount "71"]
[EventDate "2013.12.06"]
[EventType "team"]
[EventRounds "11"]
[EventCountry "AUT"]
[WhiteTeam "Schachclub MPOE Maria Saal I"]
[BlackTeam "tschaturanga"]

1. d4 Nf6 2. c4 e6 3. Nf3 c5 4. d5 b5 5. Bg5 exd5 6. cxd5 d6 7. e4 a6 8. a4 h6
9. Bxf6 Qxf6 10. Qc2 b4 11. Nbd2 Nd7 12. Bd3 g5 13. Nc4 Bg7 14. O-O O-O 15.
Rae1 Re8 16. Re2 g4 17. Nfd2 a5 18. f4 gxf3 19. Nxf3 Ba6 20. e5 dxe5 21. Nfxe5
Bxc4 22. Rxf6 Nxe5 23. Bxc4 Bxf6 24. Bb5 Red8 25. Qe4 Rd6 26. b3 Rad8 27. Rd2
Ng6 28. g3 Bd4+ 29. Kg2 Rxd5 30. Bc4 R5d6 31. h4 Kf8 32. Qf5 Rf6 33. Qh5 Kg7
34. Re2 Rd7 35. Qg4 h5 36. Qxd7 1-0

[Event "1. Bundesliga 2013/2014"]
[Site "Jenbach, Wolfsberg, St. Veit/Glan"]
[Date "2014.03.21"]
[Round "9"]
[Board "6"]
[White "Lenz, Alarich"]
[Black "Rieger, Robert"]
[Result "1/2-1/2"]
[WhiteElo "2188"]
[BlackElo "2173"]
[PlyCount "52"]
[EventDate "2013.12.06"]
[EventType "team"]
[EventRounds "11"]
[EventCountry "AUT"]
[WhiteTeam "tschaturanga"]
[BlackTeam "Schachclub MPOE Maria Saal I"]

1. c4 Nf6 2. Nc3 e6 3. d4 Bb4 4. e3 O-O 5. Nge2 d5 6. a3 Be7 7. cxd5 exd5 8.
Nf4 c6 9. Bd3 a5 10. O-O Re8 11. Qc2 Nbd7 12. Bd2 Nf8 13. Na4 Ne6 14. Nxe6 Bxe6
15. b4 axb4 16. axb4 Ne4 17. Nc5 Bxc5 18. Rxa8 Qxa8 19. bxc5 Nxd2 20. Qxd2 Qa7
21. Rb1 Ra8 22. h3 g6 23. Qb2 Bc8 24. Qc2 Be6 25. Qb2 Bc8 26. Qc2 Be6 1/2-1/2

[Event "1. Bundesliga 2013/2014"]
[Site "Jenbach, Wolfsberg, St. Veit/Glan"]
[Date "2014.03.21"]
[Round "9"]
[Board "1"]
[White "Shengelia, David"]
[Black "Kozul, Zdenko"]
[Result "1-0"]
[WhiteElo "2547"]
[BlackElo "2586"]
[PlyCount "129"]
[EventDate "2013.12.06"]
[EventType "team"]
[EventRounds "11"]
[EventCountry "AUT"]
[WhiteTeam "SK Advisory Invest Baden"]
[BlackTeam "SV Wolfsberg"]

1. e4 c5 2. Nf3 d6 3. d4 cxd4 4. Nxd4 Nf6 5. Nc3 Nc6 6. Bg5 e6 7. Qd2 a6 8.
O-O-O Bd7 9. f3 h6 10. Be3 b5 11. Nxc6 Bxc6 12. Kb1 Qc7 13. h4 h5 14. Bf4 Rd8
15. Bd3 Be7 16. Rhe1 O-O 17. Bg5 b4 18. Ne2 d5 19. e5 Ne4 20. fxe4 dxe4 21. Nf4
Bxg5 22. hxg5 g6 23. Qxb4 exd3 24. cxd3 Rc8 25. Rc1 Qd8 26. Qd6 Qa5 27. Rf1
Rfd8 28. Qc5 Qc7 29. Rc3 Qb7 30. Rfc1 Rb8 31. R1c2 Be8 32. b3 Qd7 33. g3 Rb5
34. Qe3 Qe7 35. Ne2 Rbd5 36. Kb2 a5 37. a4 Rb8 38. Qf4 Qd7 39. Rc7 Qd8 40. Nc1
Rd4 41. Qf6 Rg4 42. Qxd8 Rxd8 43. Ne2 Rxg5 44. d4 Rf5 45. Ra7 Rf3 46. Rxa5 Rb8
47. Rc3 Rf2 48. Re3 Bc6 49. Ka3 g5 50. Rc5 Bd5 51. b4 h4 52. gxh4 gxh4 53. b5
Bg2 54. a5 Bf1 55. a6 Rxe2 56. Rxe2 Bxe2 57. a7 Ra8 58. b6 Kg7 59. d5 exd5 60.
Rc8 d4 61. Rxa8 Bf3 62. Rb8 d3 63. a8=Q Bxa8 64. Rxa8 h3 65. Kb2 1-0

[Event "1. Bundesliga 2013/2014"]
[Site "Jenbach, Wolfsberg, St. Veit/Glan"]
[Date "2014.03.21"]
[Round "9"]
[Board "2"]
[White "Stevic, Hrvoje"]
[Black "Poetsch, Hagen"]
[Result "1/2-1/2"]
[WhiteElo "2620"]
[BlackElo "2479"]
[PlyCount "91"]
[EventDate "2013.12.06"]
[EventType "team"]
[EventRounds "11"]
[EventCountry "AUT"]
[WhiteTeam "SV Wolfsberg"]
[BlackTeam "SK Advisory Invest Baden"]

1. e4 e6 2. d4 d5 3. e5 c5 4. c3 Qb6 5. Nf3 Nc6 6. a3 Nh6 7. b4 cxd4 8. Bxh6
gxh6 9. cxd4 Bd7 10. Ra2 Rg8 11. h3 h5 12. g3 h4 13. g4 h5 14. g5 Ne7 15. Nc3
Nf5 16. Be2 Be7 17. Rg1 O-O-O 18. Rd2 Kb8 19. Na4 Bxa4 20. Qxa4 Rc8 21. Kf1 Rc3
22. g6 fxg6 23. Rxg6 Rxg6 24. Qe8+ Bd8 25. Qxg6 a5 26. Qe8 Rxa3 27. bxa5 Qxa5
28. Qxe6 Rxf3 29. Bxf3 Qxd2 30. Qxf5 Qxd4 31. Qf8 Kc8 32. Qf5+ Kb8 33. Qf8 Kc8
34. Qe8 Qc4+ 35. Kg2 d4 36. Qxh5 Qg8+ 37. Kh1 Qg5 38. Qf7 Qe7 39. Qd5 Bb6 40.
Qg8+ Bd8 41. Qg4+ Kb8 42. Qxd4 Bc7 43. e6 Qd6 44. Qxd6 Bxd6 45. Kg2 Kc7 46. Be2
 1/2-1/2

[Event "1. Bundesliga 2013/2014"]
[Site "Jenbach, Wolfsberg, St. Veit/Glan"]
[Date "2014.03.21"]
[Round "9"]
[Board "3"]
[White "Tuncer, Ufuk"]
[Black "Jovanovic, Zoran"]
[Result "1/2-1/2"]
[WhiteElo "2345"]
[BlackElo "2548"]
[PlyCount "81"]
[EventDate "2013.12.06"]
[EventType "team"]
[EventRounds "11"]
[EventCountry "AUT"]
[WhiteTeam "SK Advisory Invest Baden"]
[BlackTeam "SV Wolfsberg"]

1. e4 d6 2. d4 Nf6 3. Nc3 e5 4. Nf3 Nbd7 5. Bc4 Be7 6. a4 O-O 7. O-O c6 8. Ba2
a5 9. Re1 Qb6 10. h3 exd4 11. Nxd4 Nc5 12. Qf3 Qb4 13. Nb3 Nxb3 14. Bxb3 Be6
15. Bd2 Bxb3 16. Nd5 Qxd2 17. Nxe7+ Kh8 18. cxb3 Qxb2 19. Nf5 Qe5 20. Rad1 Rad8
21. Qe3 g6 22. Nxd6 Rxd6 23. Rxd6 Qxd6 24. e5 Qe6 25. exf6 Qxf6 26. Qb6 Rd8 27.
Qxb7 Rd2 28. Qb6 Kg7 29. Rf1 Qc3 30. Re1 Rd3 31. Re3 Rd1+ 32. Kh2 Qf6 33. Qxa5
Qxf2 34. Qe5+ f6 35. Qe7+ Kh6 36. Rf3 Qg1+ 37. Kg3 f5 38. Qh4+ Kg7 39. Qe7+ Kh6
40. Qh4+ Kg7 41. Qe7+ 1/2-1/2